000
00244nam a2200109Ia 4500
005
20251222154414.0
008
251222s9999||||xx |||||||||||||| ||spa||
020
_a
978-84-9751-489-7
082
_a
612.74/L33
245
0
_a
Másculos
942
_c
LIB
999
_c
35773
_d
35773